| 000 | 00578nam a2200169 a 4500 | ||
|---|---|---|---|
| 001 | 000022415 | ||
| 005 | 20200930011724.0 | ||
| 008 | 101008s2002 dr 001 0 spa d | ||
| 040 |
_aDO-SdBNP _bspa _cBNPHU |
||
| 100 | 1 |
_aNúñez de Vargas, Carmen Cristina _946212 |
|
| 245 | 1 | 3 |
_aLa mujer cristiana y sus facetas / _cCarmen Cristina Núñez de Vargas ; prólogo Romelia columna Medina. |
| 260 |
_aSanto Domingo : _bEditorial Jojansel, _c2002. |
||
| 300 |
_a359 p. ; _c21 cm. |
||
| 504 | _aBibligrafía : p. 358-359 | ||
| 700 | 1 |
_acolumna Medina, Romelia _937801 |
|
| 049 | _aBNPD | ||
| 999 |
_c21913 _d21913 |
||